LEADER 00989nam a2200205 i 4500 001 000000256927 003 CaOOAMICUS 005 20180118000000.0 008 180118s1821 xx u000 u fre u 013 $a235835 026 $aV.0. j.s. dela soce (3) 1821 (A) 040 $aSeMil$bita 245 10$aTome 2. Contenant la la troisième periode. 300 $a[2], XVII, [1], 224 p. 773 0 $aHeeren, Arnold Hermann Ludwig <1760-1842>$tManuel historique de sistème politique des états de l'Europe et de leurs colonies depuis la découverte des deux Indes par M. Heeren ... traduit de l'allemand, sur la troisième édition. Tome 1. [-2.].$dA Paris : Chez Barrois l'ainé, libraire, rue de Seine n. 10, F. S. G., 1821.$g2$w()5082 850 $aSeMil 852 $aSeMil$W1$xVenegono$y1$m3T III 62 FA$j207273$B207273$CSeMilBibl$Z2$F220786 $8I 941 1 $a10 961 $aRecupero: Mantegazza 996 $6245$aTome 2. Contenant la la troisième periode$9(OLS)http://semarc/title/412552 LEADER 00928nam a2200229 i 4500 001 000000208882 003 CaOOAMICUS 005 20240617102910.0 008 111129s1942 it u000 u ita u 040 $aSeMil$bita 100 1 $aBuffon, Federigo.$0(OLS)http://semarc/name/74903 245 10$aDistruggiamo il Bolscevismo /$c[compilatore] Federigo Buffon. 264 1$aMilano :$bSindacato interprovinciale dei giornalisti lombardi,$c1942. 300 $a1 v. :$bill. ;$c33 cm. 500 $aNumero unico. 650 4$aBolscevismo.$0(OLS)http://semarc/subject/27308 850 $aSeMil 852 $aSeMil$W1$xVenegono$y1$m3.SOVR V 10$j262875$B159336$CSeMilBibl$Z2$F170428 $8M 961 $aRecupero: Altro 996 $6245$aDistruggiamo il Bolscevismo$9(OLS)http://semarc/title/301972 996 $6264$aMilano :$bSindacato interprovinciale dei giornalisti lombardi$9(OLS)http://semarc/publisher/52326